[Event "DEM U12 2025"]
[Site "Willingen GER"]
[Date "2025.06.09"]
[Round "3"]
[White "Hübner, Paul"]
[Black "Rusch, Levi Adrian"]
[Result "0-1"]
[Termination "normal"]
[Board "32"]
[WhiteElo "1849"]
[BlackElo "1660"]
[WhiteClock "01:12:28"]
[BlackClock "00:18:32"]
[PlyCount "136"]
[WhiteFideId "34684115"]
[BlackFideId "34660224"]
[EventCountry "GER"]
[EventRounds "9"]
[EventType "swiss"]
[EventDate "2025.06.07"]

1. d4 {[%clk 01:30:57]} {[%emt 00:00:03]} d5 {[%clk 01:30:58]} {[%emt
00:00:02]} 2. Nf3 {[%clk 01:31:17]} {[%emt 00:00:10]} Bf5 {[%clk 01:31:14]}
{[%emt 00:00:13]} 3. c3 {[%clk 01:31:37]} {[%emt 00:00:10]} e6 {[%clk
01:31:34]} {[%emt 00:00:10]} 4. Qb3 {[%clk 01:32:00]} {[%emt 00:00:07]} b6
{[%clk 01:31:00]} {[%emt 00:01:04]} 5. c4 {[%clk 01:32:11]} {[%emt 00:00:20]}
Nf6 {[%clk 01:29:46]} {[%emt 00:01:45]} 6. Bf4 {[%clk 01:31:50]} {[%emt
00:00:50]} Qe7 {[%clk 01:29:21]} {[%emt 00:00:54]} 7. a3 {[%clk 01:28:19]}
{[%emt 00:04:02]} h6 {[%clk 01:27:15]} {[%emt 00:02:35]} 8. Qa4+ {[%clk
01:26:01]} {[%emt 00:02:49]} Qd7 {[%clk 01:25:40]} {[%emt 00:02:04]} 9. Qxd7+
{[%clk 01:26:27]} {[%emt 00:00:05]} Nbxd7 {[%clk 01:26:03]} {[%emt 00:00:06]}
10. Bxc7 {[%clk 01:25:52]} {[%emt 00:01:05]} Rc8 {[%clk 01:26:25]} {[%emt
00:00:10]} 11. Bf4 {[%clk 01:25:42]} {[%emt 00:00:39]} dxc4 {[%clk 01:25:13]}
{[%emt 00:01:42]} 12. e3 {[%clk 01:25:39]} {[%emt 00:00:32]} Ne4 {[%clk
01:22:59]} {[%emt 00:02:45]} 13. Nbd2 {[%clk 01:25:38]} {[%emt 00:00:31]} c3
{[%clk 01:20:09]} {[%emt 00:03:21]} 14. bxc3 {[%clk 01:11:36]} {[%emt
00:14:32]} Nxc3 {[%clk 01:17:02]} {[%emt 00:03:37]} 15. Bc4 {[%clk 01:05:19]}
{[%emt 00:06:46]} b5 {[%clk 01:13:13]} {[%emt 00:04:20]} 16. e4 {[%clk
00:55:31]} {[%emt 00:10:18]} Bxe4 {[%clk 01:10:43]} {[%emt 00:02:59]} 17. Nxe4
{[%clk 00:55:30]} {[%emt 00:00:31]} Rxc4 {[%clk 01:10:24]} {[%emt 00:00:49]}
18. Nxc3 {[%clk 00:53:59]} {[%emt 00:02:03]} Rxc3 {[%clk 01:10:25]} {[%emt
00:00:28]} 19. a4 {[%clk 00:53:36]} {[%emt 00:00:53]} Bb4 {[%clk 01:05:12]}
{[%emt 00:05:43]} 20. O-O {[%clk 00:53:38]} {[%emt 00:00:27]} bxa4 {[%clk
01:02:56]} {[%emt 00:02:46]} 21. Rxa4 {[%clk 00:53:02]} {[%emt 00:01:07]} a5
{[%clk 01:03:14]} {[%emt 00:00:12]} 22. Bd2 {[%clk 00:52:43]} {[%emt 00:00:49]}
Rc4 {[%clk 00:46:22]} {[%emt 00:17:23]} 23. Bxb4 {[%clk 00:52:37]} {[%emt
00:00:34]} Rxb4 {[%clk 00:46:41]} {[%emt 00:00:11]} 24. Rxa5 {[%clk 00:50:42]}
{[%emt 00:02:25]} O-O {[%clk 00:47:04]} {[%emt 00:00:08]} 25. d5 {[%clk
00:48:30]} {[%emt 00:02:41]} e5 {[%clk 00:21:32]} {[%emt 00:26:03]} 26. Rd1
{[%clk 00:48:12]} {[%emt 00:00:48]} Rfb8 {[%clk 00:18:52]} {[%emt 00:03:11]}
27. h3 {[%clk 00:47:09]} {[%emt 00:01:31]} e4 {[%clk 00:14:50]} {[%emt
00:04:33]} 28. Nd4 {[%clk 00:46:02]} {[%emt 00:01:36]} Rb1 {[%clk 00:14:33]}
{[%emt 00:00:47]} 29. Ra1 {[%clk 00:46:09]} {[%emt 00:00:22]} Rxd1+ {[%clk
00:12:52]} {[%emt 00:02:12]} 30. Rxd1 {[%clk 00:46:22]} {[%emt 00:00:17]} Nf6
{[%clk 00:11:53]} {[%emt 00:01:30]} 31. Nc6 {[%clk 00:46:33]} {[%emt 00:00:19]}
Rb6 {[%clk 00:11:11]} {[%emt 00:01:11]} 32. Ne7+ {[%clk 00:46:00]} {[%emt
00:01:03]} Kf8 {[%clk 00:10:45]} {[%emt 00:00:56]} 33. d6 {[%clk 00:45:52]}
{[%emt 00:00:39]} Ke8 {[%clk 00:09:05]} {[%emt 00:02:10]} 34. Nf5 {[%clk
00:45:37]} {[%emt 00:00:44]} Rb5 {[%clk 00:06:36]} {[%emt 00:03:00]} 35. Nd4
{[%clk 00:44:10]} {[%emt 00:01:55]} Rd5 {[%clk 00:06:20]} {[%emt 00:00:47]} 36.
Kf1 {[%clk 00:43:42]} {[%emt 00:00:58]} Rxd6 {[%clk 00:06:39]} {[%emt
00:00:12]} 37. Ke2 {[%clk 00:44:00]} {[%emt 00:00:10]} Nd5 {[%clk 00:07:01]}
{[%emt 00:00:09]} 38. Nb5 {[%clk 00:43:47]} {[%emt 00:00:43]} Nf4+ {[%emt
00:00:17]} 39. Ke1 {[%clk 00:42:38]} {[%emt 00:01:39]} Nxg2+ {[%clk 00:07:03]}
{[%emt 00:00:41]} 40. Ke2 {[%clk 00:42:59]} {[%emt 00:00:10]} Rxd1 {[%clk
00:06:34]} {[%emt 00:00:59]} 41. Kxd1 {[%clk 00:43:21]} {[%emt 00:00:07]} e3
{[%clk 00:06:40]} {[%emt 00:00:24]} 42. f3 {[%clk 00:43:19]} {[%emt 00:00:32]}
Nf4 {[%clk 00:05:59]} {[%emt 00:01:10]} 43. Nd6+ {[%clk 00:43:39]} {[%emt
00:00:11]} Ke7 {[%clk 00:02:17]} {[%emt 00:04:12]} 44. Nf5+ {[%clk 00:43:57]}
{[%emt 00:00:11]} Kf6 {[%clk 00:02:46]} {[%emt 00:00:02]} 45. Nxe3 {[%clk
00:44:17]} {[%emt 00:00:09]} Nxh3 {[%clk 00:03:10]} {[%emt 00:00:05]} 46. Ke2
{[%clk 00:44:20]} {[%emt 00:00:27]} Ke5 {[%clk 00:02:51]} {[%emt 00:00:50]} 47.
Ng4+ {[%clk 00:44:39]} {[%emt 00:00:11]} Kf4 {[%clk 00:28:44]} {[%emt
00:04:37]} 48. Ne3 {[%clk 01:13:52]} {[%emt 00:01:17]} Ng1+ {[%clk 00:27:03]}
{[%emt 00:02:11]} 49. Kf2 {[%clk 01:14:17]} {[%emt 00:00:06]} Nxf3 {[%clk
00:27:05]} {[%emt 00:00:28]} 50. Ng2+ {[%clk 01:14:28]} {[%emt 00:00:18]} Ke4
{[%clk 00:27:10]} {[%emt 00:00:26]} 51. Ne3 {[%clk 01:14:39]} {[%emt 00:00:19]}
h5 {[%clk 00:26:26]} {[%emt 00:01:13]} 52. Nc4 {[%clk 01:14:27]} {[%emt
00:00:43]} Ne5 {[%clk 00:26:44]} {[%emt 00:00:11]} 53. Nd2+ {[%clk 01:14:11]}
{[%emt 00:00:47]} Kf4 {[%clk 00:26:49]} {[%emt 00:00:24]} 54. Nf1 {[%clk
01:14:23]} {[%emt 00:00:18]} g5 {[%clk 00:26:51]} {[%emt 00:00:29]} 55. Kg2
{[%clk 01:14:26]} {[%emt 00:00:26]} h4 {[%clk 00:26:16]} {[%emt 00:01:05]} 56.
Kh3 {[%clk 01:14:48]} {[%emt 00:00:07]} Nf3 {[%clk 00:24:49]} {[%emt 00:02:00]}
57. Kg2 {[%clk 01:15:04]} {[%emt 00:00:12]} g4 {[%clk 00:25:11]} {[%emt
00:00:08]} 58. Kf2 {[%clk 01:14:44]} {[%emt 00:00:48]} h3 {[%clk 00:24:33]}
{[%emt 00:01:10]} 59. Ng3 {[%clk 01:14:43]} {[%emt 00:00:31]} h2 {[%clk
00:23:12]} {[%emt 00:01:52]} 60. Ne2+ {[%clk 01:13:27]} {[%emt 00:01:46]} Kg5
{[%clk 00:23:09]} {[%emt 00:00:33]} 61. Kg2 {[%clk 01:12:21]} {[%emt 00:01:34]}
f5 {[%clk 00:22:50]} {[%emt 00:00:50]} 62. Kh1 {[%clk 01:11:23]} {[%emt
00:01:28]} f4 {[%clk 00:20:23]} {[%emt 00:02:58]} 63. Kg2 {[%clk 01:11:03]}
{[%emt 00:00:47]} g3 {[%clk 00:17:14]} {[%emt 00:03:42]} 64. Nxf4 {[%clk
01:11:24]} {[%emt 00:00:08]} Kxf4 {[%clk 00:17:05]} {[%emt 00:00:38]} 65. Kh1
{[%clk 01:11:44]} {[%emt 00:00:11]} Ne5 {[%clk 00:17:23]} {[%emt 00:00:13]} 66.
Kg2 {[%clk 01:12:03]} {[%emt 00:00:10]} Nd3 {[%clk 00:17:42]} {[%emt 00:00:11]}
67. Kh1 {[%clk 01:12:16]} {[%emt 00:00:17]} Nf2+ {[%clk 00:18:09]} {[%emt
00:00:04]} 68. Kg2 {[%clk 01:12:28]} {[%emt 00:00:17]} h1=Q# {[%clk 00:18:32]}
{[%emt 00:00:09]} 0-1

[Event "DEM U12 2025"]
[Site "Willingen GER"]
[Date "2025.06.09"]
[Round "3"]
[White "Gusev, Daniil"]
[Black "Fattori Dittmar, Luca"]
[Result "1-0"]
[Termination "normal"]
[Board "33"]
[WhiteElo "1890"]
[BlackElo "1671"]
[WhiteClock "00:29:20"]
[BlackClock "00:42:48"]
[PlyCount "137"]
[WhiteFideId "55683886"]
[BlackFideId "34678883"]
[EventCountry "GER"]
[EventRounds "9"]
[EventType "swiss"]
[EventDate "2025.06.07"]

1. e4 {[%clk 01:30:55]} {[%emt 00:00:05]} c5 {[%clk 01:30:41]} {[%emt
00:00:20]} 2. Nc3 {[%clk 01:31:08]} {[%emt 00:00:17]} Nc6 {[%clk 01:31:04]}
{[%emt 00:00:06]} 3. Nf3 {[%clk 01:31:08]} {[%emt 00:00:30]} g6 {[%clk
01:31:24]} {[%emt 00:00:11]} 4. d4 {[%clk 01:31:28]} {[%emt 00:00:09]} cxd4
{[%clk 01:31:49]} {[%emt 00:00:05]} 5. Nxd4 {[%clk 01:31:56]} {[%emt 00:00:02]}
Bg7 {[%clk 01:32:11]} {[%emt 00:00:08]} 6. Nde2 {[%clk 01:32:19]} {[%emt
00:00:07]} d6 {[%clk 01:32:08]} {[%emt 00:00:34]} 7. g3 {[%clk 01:32:40]}
{[%emt 00:00:08]} Nf6 {[%clk 01:32:29]} {[%emt 00:00:09]} 8. Bg2 {[%clk
01:33:06]} {[%emt 00:00:04]} O-O {[%clk 01:32:48]} {[%emt 00:00:12]} 9. O-O
{[%clk 01:33:28]} {[%emt 00:00:07]} Bd7 {[%clk 01:32:52]} {[%emt 00:00:26]} 10.
h3 {[%clk 01:33:31]} {[%emt 00:00:26]} Rc8 {[%clk 01:33:02]} {[%emt 00:00:21]}
11. Be3 {[%clk 01:33:51]} {[%emt 00:00:09]} a6 {[%clk 01:32:37]} {[%emt
00:00:56]} 12. a4 {[%clk 01:34:08]} {[%emt 00:00:12]} Ne5 {[%clk 01:32:01]}
{[%emt 00:01:06]} 13. b3 {[%clk 01:34:28]} {[%emt 00:00:11]} Bc6 {[%clk
01:30:54]} {[%emt 00:01:36]} 14. Nd5 {[%clk 01:33:01]} {[%emt 00:01:57]} Bxd5
{[%clk 01:29:08]} {[%emt 00:02:17]} 15. exd5 {[%clk 01:33:24]} {[%emt
00:00:06]} Qa5 {[%clk 01:21:41]} {[%emt 00:07:57]} 16. c4 {[%clk 01:32:37]}
{[%emt 00:01:17]} Ned7 {[%clk 01:18:41]} {[%emt 00:03:31]} 17. Ra2 {[%clk
01:31:09]} {[%emt 00:01:58]} Nc5 {[%clk 01:17:50]} {[%emt 00:01:21]} 18. Re1
{[%clk 01:28:09]} {[%emt 00:03:29]} Nfe4 {[%clk 01:14:29]} {[%emt 00:03:52]}
19. Bd4 {[%clk 01:22:49]} {[%emt 00:05:49]} Bxd4 {[%clk 01:14:06]} {[%emt
00:00:53]} 20. Nxd4 {[%clk 01:21:15]} {[%emt 00:02:05]} Nc3 {[%clk 01:11:04]}
{[%emt 00:03:32]} 21. Qd2 {[%clk 01:21:18]} {[%emt 00:00:27]} Qb4 {[%clk
01:02:54]} {[%emt 00:08:39]} 22. Rc2 {[%clk 01:20:36]} {[%emt 00:01:12]} Nxb3
{[%clk 01:03:00]} {[%emt 00:00:23]} 23. Nxb3 {[%clk 01:20:58]} {[%emt
00:00:09]} Rxc4 {[%clk 01:02:55]} {[%emt 00:00:36]} 24. Bf1 {[%clk 01:15:51]}
{[%emt 00:05:37]} Rc7 {[%clk 01:02:06]} {[%emt 00:01:20]} 25. Nd4 {[%clk
01:15:40]} {[%emt 00:00:39]} Rfc8 {[%clk 01:01:59]} {[%emt 00:00:38]} 26. Rec1
{[%clk 01:16:03]} {[%emt 00:00:06]} a5 {[%clk 01:01:04]} {[%emt 00:01:26]} 27.
Nc6 {[%clk 01:12:02]} {[%emt 00:04:32]} bxc6 {[%clk 00:59:54]} {[%emt
00:01:40]} 28. Qxc3 {[%clk 01:12:15]} {[%emt 00:00:17]} Qxa4 {[%clk 01:00:06]}
{[%emt 00:00:18]} 29. Qd3 {[%clk 01:11:20]} {[%emt 00:01:24]} c5 {[%clk
00:58:47]} {[%emt 00:01:49]} 30. Rc4 {[%clk 01:08:35]} {[%emt 00:03:15]} Qd7
{[%clk 00:58:11]} {[%emt 00:01:06]} 31. Ra1 {[%clk 01:05:21]} {[%emt 00:03:43]}
Ra7 {[%clk 00:57:56]} {[%emt 00:00:46]} 32. Rca4 {[%clk 01:05:41]} {[%emt
00:00:11]} Qb7 {[%clk 00:55:40]} {[%emt 00:02:46]} 33. h4 {[%clk 01:01:14]}
{[%emt 00:04:56]} h5 {[%clk 00:55:36]} {[%emt 00:00:34]} 34. Bh3 {[%clk
00:59:50]} {[%emt 00:01:54]} Rb8 {[%clk 00:55:19]} {[%emt 00:00:47]} 35. Bg2
{[%clk 00:24:28]} {[%emt 00:35:52]} Ra6 {[%clk 00:54:03]} {[%emt 00:01:46]} 36.
Bh3 {[%clk 00:24:36]} {[%emt 00:00:22]} Ra7 {[%clk 00:53:47]} {[%emt 00:00:46]}
37. Bg2 {[%clk 00:23:54]} {[%emt 00:01:12]} Ra6 {[%clk 00:53:53]} {[%emt
00:00:25]} 38. Qe4 {[%clk 00:24:12]} {[%emt 00:00:11]} Rb6 {[%clk 00:52:52]}
{[%emt 00:01:31]} 39. Rxa5 {[%clk 00:24:18]} {[%emt 00:00:25]} Rb4 {[%clk
00:53:02]} {[%emt 00:00:20]} 40. Qe3 {[%clk 00:24:27]} {[%emt 00:00:20]} Rb1+
{[%clk 00:52:57]} {[%emt 00:00:35]} 41. Kh2 {[%clk 00:24:52]} {[%emt 00:00:05]}
Rxa1 {[%clk 00:52:59]} {[%emt 00:00:28]} 42. Rxa1 {[%clk 00:25:15]} {[%emt
00:00:07]} Kg7 {[%clk 00:52:19]} {[%emt 00:01:10]} 43. Re1 {[%clk 00:25:32]}
{[%emt 00:00:13]} Re8 {[%clk 00:52:21]} {[%emt 00:00:28]} 44. f4 {[%clk
00:24:06]} {[%emt 00:01:56]} Qd7 {[%clk 00:49:43]} {[%emt 00:03:08]} 45. Bh3
{[%clk 00:23:20]} {[%emt 00:01:17]} f5 {[%clk 00:48:50]} {[%emt 00:01:23]} 46.
Bf1 {[%clk 00:22:27]} {[%emt 00:01:23]} Qa4 {[%clk 00:47:22]} {[%emt 00:01:55]}
47. Qc3+ {[%clk 00:22:37]} {[%emt 00:00:22]} Kh7 {[%clk 00:47:11]} {[%emt
00:00:41]} 48. Ra1 {[%clk 00:22:24]} {[%emt 00:00:43]} Qb4 {[%clk 00:46:22]}
{[%emt 00:01:19]} 49. Qxb4 {[%clk 00:22:49]} {[%emt 00:00:06]} cxb4 {[%clk
00:46:48]} {[%emt 00:00:04]} 50. Ra7 {[%clk 00:23:16]} {[%emt 00:00:03]} Kh6
{[%clk 00:46:46]} {[%emt 00:00:31]} 51. Rb7 {[%clk 00:23:38]} {[%emt 00:00:08]}
b3 {[%clk 00:44:58]} {[%emt 00:02:19]} 52. Rxb3 {[%clk 00:24:03]} {[%emt
00:00:05]} e5 {[%clk 00:44:35]} {[%emt 00:00:53]} 53. dxe6 {[%clk 00:24:25]}
{[%emt 00:00:08]} Rxe6 {[%clk 00:44:51]} {[%emt 00:00:14]} 54. Rd3 {[%clk
00:24:52]} {[%emt 00:00:03]} Kg7 {[%clk 00:43:42]} {[%emt 00:01:38]} 55. Kg2
{[%clk 00:24:58]} {[%emt 00:00:24]} Kf8 {[%clk 00:42:34]} {[%emt 00:01:37]} 56.
Kf2 {[%clk 00:25:16]} {[%emt 00:00:13]} Rf6 {[%clk 00:41:27]} {[%emt 00:01:37]}
57. Ke3 {[%clk 00:25:09]} {[%emt 00:00:37]} Ke7 {[%clk 00:41:39]} {[%emt
00:00:19]} 58. Kd4 {[%clk 00:25:36]} {[%emt 00:00:03]} Rf8 {[%clk 00:41:05]}
{[%emt 00:01:03]} 59. Re3+ {[%clk 00:25:47]} {[%emt 00:00:19]} Kd7 {[%clk
00:40:51]} {[%emt 00:00:45]} 60. Bb5+ {[%clk 00:26:06]} {[%emt 00:00:10]} Kc7
{[%clk 00:41:09]} {[%emt 00:00:12]} 61. Re7+ {[%clk 00:26:09]} {[%emt
00:00:30]} Kb6 {[%clk 00:41:17]} {[%emt 00:00:23]} 62. Bc4 {[%clk 00:26:29]}
{[%emt 00:00:10]} d5 {[%emt 00:00:35]} 63. Bxd5 {[%clk 00:26:48]} {[%emt
00:00:09]} Kb5 {[%clk 00:41:05]} {[%emt 00:00:37]} 64. Re6 {[%clk 00:27:09]}
{[%emt 00:00:09]} Rg8 {[%clk 00:41:15]} {[%emt 00:00:20]} 65. Rb6+ {[%clk
00:27:35]} {[%emt 00:00:05]} Kxb6 {[%clk 00:41:41]} {[%emt 00:00:04]} 66. Bxg8
{[%clk 00:28:02]} {[%emt 00:00:03]} Kc7 {[%clk 00:42:02]} {[%emt 00:00:09]} 67.
Bf7 {[%clk 00:28:28]} {[%emt 00:00:03]} Kd6 {[%clk 00:42:22]} {[%emt 00:00:10]}
68. Bxg6 {[%clk 00:28:54]} {[%emt 00:00:04]} Ke6 {[%clk 00:42:48]} {[%emt
00:00:04]} 69. Bxh5 {[%clk 00:29:20]} {[%emt 00:00:04]} 1-0